Ampliando el campo del derecho filial en el derecho argentino. Texto y contexto de las técnicas de reproducción humana asistida (Registro nro. 25287)

Detalles MARC
000 -LEADER
fixed length control field 00496 a2200133 4500
001 - CONTROL NUMBER
control field ART_10746
005 - DATE AND TIME OF LATEST TRANSACTION
control field 20260410161854.0
008 - FIXED-LENGTH DATA ELEMENTS--GENERAL INFORMATION
fixed length control field 260409a
100 1# - MAIN ENTRY--PERSONAL NAME
Personal name Kemelmajer de Carlucci, Aída
245 10 - TITLE STATEMENT
Title Ampliando el campo del derecho filial en el derecho argentino. Texto y contexto de las técnicas de reproducción humana asistida
700 1# - ADDED ENTRY--PERSONAL NAME
Personal name Herrera, Marisa
700 1# - ADDED ENTRY--PERSONAL NAME
Personal name Lamm, Eleonora
773 0# - HOST ITEM ENTRY
Title Derecho privado
Related parts Bioderecho - Año I, Nº 1 (mayo 2012)
Record control number REV10455

No hay ítems disponibles.